<?xml version="1.0" encoding="UTF-8"?><?xml-stylesheet type="text/xsl" href="static/style.xsl"?><OAI-PMH xmlns="http://www.openarchives.org/OAI/2.0/" xmlns:xsi="http://www.w3.org/2001/XMLSchema-instance" xsi:schemaLocation="http://www.openarchives.org/OAI/2.0/ http://www.openarchives.org/OAI/2.0/OAI-PMH.xsd"><responseDate>2026-04-13T04:55:00Z</responseDate><request verb="GetRecord" identifier="oai:www.recercat.cat:2445/220305" metadataPrefix="marc">https://recercat.cat/oai/request</request><GetRecord><record><header><identifier>oai:recercat.cat:2445/220305</identifier><datestamp>2025-12-05T10:02:51Z</datestamp><setSpec>com_2072_1057</setSpec><setSpec>col_2072_478819</setSpec><setSpec>col_2072_478917</setSpec></header><metadata><record xmlns="http://www.loc.gov/MARC21/slim" xmlns:dcterms="http://purl.org/dc/terms/" xmlns:xsi="http://www.w3.org/2001/XMLSchema-instance" xmlns:doc="http://www.lyncode.com/xoai" xsi:schemaLocation="http://www.loc.gov/MARC21/slim http://www.loc.gov/standards/marcxml/schema/MARC21slim.xsd">
   <leader>00925njm 22002777a 4500</leader>
   <datafield ind2=" " ind1=" " tag="042">
      <subfield code="a">dc</subfield>
   </datafield>
   <datafield ind2=" " ind1=" " tag="720">
      <subfield code="a">Forment, Mar</subfield>
      <subfield code="e">author</subfield>
   </datafield>
   <datafield ind2=" " ind1=" " tag="720">
      <subfield code="a">Illamola i Gómez, Cristina</subfield>
      <subfield code="e">author</subfield>
   </datafield>
   <datafield ind2=" " ind1=" " tag="260">
      <subfield code="c">2025-04-07T14:33:10Z</subfield>
   </datafield>
   <datafield ind2=" " ind1=" " tag="260">
      <subfield code="c">2025-04-07T14:33:10Z</subfield>
   </datafield>
   <datafield ind2=" " ind1=" " tag="260">
      <subfield code="c">2023-10-02</subfield>
   </datafield>
   <datafield ind2=" " ind1=" " tag="260">
      <subfield code="c">2025-04-07T14:33:10Z</subfield>
   </datafield>
   <datafield ind2=" " ind1=" " tag="520">
      <subfield code="a">La aportación del Prof. Fernando Poyatos a la comprensión, descripción y análisis de la comunicación no verbal en español constituye un referente para todos aquellos que pretendan, de un modo u otro, aproximarse a esta disciplina. El presente artículo parte de esas aportaciones básicas y esenciales, y pretende ser una pequeña contribución más al análisis de la comunicación no verbal. En concreto, en estas páginas se describen los comportamientos no verbales gestuales que se emplean con la intención comunicativa de ofrecer información sobre la cantidad, de describir cualidades físicas de objetos e individuos, y de expresar aprobación, desaprobación o valoración. El análisis se nutre de los datos extraídos de dos fuentes: por un lado, del diccionario Hablar en español sin palabras. Diccionario audiovisual de gestos españoles; por otro, de las respuestas ofrecidas por un conjunto de jóvenes barceloneses al cuestionario en el que se fundamenta el Atlas de gestos, cuya elaboración hace posible Ana M.ª Cestero (Universidad de Alcalá).</subfield>
   </datafield>
   <datafield tag="653" ind2=" " ind1=" ">
      <subfield code="a">Comunicació no verbal</subfield>
   </datafield>
   <datafield tag="653" ind2=" " ind1=" ">
      <subfield code="a">Gest</subfield>
   </datafield>
   <datafield tag="653" ind2=" " ind1=" ">
      <subfield code="a">Nonverbal communication</subfield>
   </datafield>
   <datafield tag="653" ind2=" " ind1=" ">
      <subfield code="a">Gesture</subfield>
   </datafield>
   <datafield ind2="0" ind1="0" tag="245">
      <subfield code="a">Gestualidad informativa, descriptiva y valorativa: una aproximación al Atlas de Gestos</subfield>
   </datafield>
</record></metadata></record></GetRecord></OAI-PMH>